[Event "Plzen KB opJ-B"]
[Site "Plzen"]
[Date "1997.??.??"]
[Round "8"]
[White "Balin, Jan"]
[Black "Valenz, M."]
[Result "1/2-1/2"]
[WhiteElo "1685"]
[BlackElo "1775"]

1.d4 Nf6 2.c4 g6 3.Nc3 Bg7 4.e4 d6 5.Nf3 O-O 6.Be2 e5 7.Be3 Nc6 8.d5 Ne7
9.O-O Nd7 10.Ne1 f5 11.f3 f4 12.Bf2 Nf6 13.b4 g5 14.c5 Ng6 15.Rc1 Bd7 16.cxd6 cxd6
17.Bb5 g4 18.Bxd7 Qxd7 19.Qa4  1/2-1/2

[Event "POL-ch sf (Women)"]
[Site "Poraj "]
[Date "1997.??.??"]
[Round "2"]
[White "Henc, Renata"]
[Black "Kucypera, Anna"]
[Result "0-1"]
[WhiteElo "2130"]
[BlackElo "2060"]

1.d4 Nf6 2.Nf3 g6 3.c4 Bg7 4.Nc3 O-O 5.e4 d6 6.Be2 e5 7.d5 a5 8.Bg5 h6 9.Bh4 Na6
10.Nd2 Qe8 11.O-O Nh7 12.a3 Bd7 13.b3 f5 14.exf5 gxf5 15.Bh5 Qc8 16.Be7 Re8
17.Bxe8 Qxe8 18.Bh4 e4 19.Rc1 Nc5 20.Qe2 Qg6 21.Qe3 Ng5 22.f4 exf3 23.Nxf3 Re8
24.Qd2 Nxb3 25.Qd1 Nxc1 26.Qxc1 Qf6 27.Bxg5 hxg5 28.Nd1 g4 29.Ne1 Qd4+ 30.Kh1 Re2
31.Qb1 Qd2 32.Nd3 Bd4 33.c5 Rxg2 34.N1f2 Rxf2 35.Nxf2 Bxf2 36.Qxb7 Qe2  0-1

[Event "POL-ch sf"]
[Site "Poraj "]
[Date "1997.??.??"]
[Round "5"]
[White "Michalski, Olaf"]
[Black "Stryjecki, Marek"]
[Result "1-0"]
[WhiteElo "2285"]
[BlackElo "2325"]

1.d4 g6 2.c4 Bg7 3.e4 d6 4.Nc3 Nf6 5.Nf3 O-O 6.Be2 e5 7.d5 Nbd7 8.O-O Kh8
9.Be3 Ng8 10.Nd2 f5 11.exf5 gxf5 12.f4 c5 13.dxc6 bxc6 14.Nb3 Qc7 15.Qd2 a5
16.Rad1 a4 17.Nc1 Rf6 18.c5 dxc5 19.Nd3 e4 20.Nxc5 Nxc5 21.Bxc5 Be6 22.Qe3 Ne7
23.Rd2 Nd5 24.Nxd5 Bxd5 25.b4 axb3 26.axb3 Qf7 27.b4 Bc4 28.Rfd1 Bxe2 29.Rd8+  1-0

[Event "POL-ch sf"]
[Site "Poraj "]
[Date "1997.??.??"]
[Round "6"]
[White "Mista, Aleksander"]
[Black "Filipek, Jakub"]
[Result "0-1"]
[WhiteElo "2225"]
[BlackElo "2390"]

1.d4 Nf6 2.Nf3 g6 3.c4 Bg7 4.Nc3 O-O 5.e4 d6 6.Be2 e5 7.d5 a5 8.h3 Na6 9.Bg5 Bd7
10.g4 c6 11.Nd2 Nc7 12.a4 Na6 13.h4 Nb4 14.Nf1 h6 15.Be3 cxd5 16.cxd5 Nxg4
17.Bxg4 Bxg4 18.Qxg4 Nc2+ 19.Kd2 Nxa1 20.Qd1 f5 21.f3 fxe4 22.fxe4 Rf4 23.h5 Qg5
24.Ne2 Qg2 25.Ng3 Rxe4 26.Rg1 Qf3 27.Nxe4 Qxe4 28.Nc3 Qc4 29.Qxa1 e4 30.Qe1 Bxc3+
31.bxc3 Qa2+ 32.Kc1 Qa1+ 33.Kc2 Qa2+ 34.Kd1 Qxa4+ 35.Ke2 Qc4+ 36.Kf2 Rf8+
37.Kg2 Qxd5 38.hxg6 Qh5 39.Rf1 Qg4+ 40.Kh2 Qh5+ 41.Kg2 Qxg6+ 42.Kh2 Qh5+
43.Kg2 Qg4+ 44.Kh2 Rf3 45.Rxf3 exf3 46.Qd2 Qh4+ 47.Kg1 Qg3+ 48.Kh1 Qg2+ 49.Qxg2+ fxg2+
50.Kxg2 h5 51.Kg3 Kf7 52.Kf4 b5 53.Ke4 h4 54.Kd3 d5 55.Ke2 Ke6 56.Kf3 Kf5
57.Bc5 a4 58.Be7 h3 59.Bd6 h2  0-1

[Event "POL-ch sf"]
[Site "Poraj "]
[Date "1997.??.??"]
[Round "10"]
[White "Michalski, Olaf"]
[Black "Krysztofiak, Marcin"]
[Result "1/2-1/2"]
[WhiteElo "2285"]
[BlackElo "2140"]

1.d4 Nf6 2.c4 g6 3.Nc3 Bg7 4.e4 d6 5.Nf3 O-O 6.Be2 e5 7.d5 Nbd7 8.O-O Nc5
9.Qc2 a5 10.Bg5 h6 11.Be3 b6 12.Nd2 Bg4 13.Qd1 Bxe2 14.Qxe2 Nh5 15.g3 Qe8
16.f3 f5 17.Kg2 Kh7 18.b3 Qe7 19.Rg1 Rf7 20.a3 Raf8 21.Rac1 fxe4 22.Ncxe4 Nxe4
23.Nxe4 Rxf3 24.Qxf3 Rxf3 25.Kxf3 Qf7+ 26.Ke2 Qf5 27.Nf2 e4 28.Rc2 Qf3+ 29.Kd2 Be5
30.Nd1 Bxg3 31.hxg3 Nxg3 32.Ke1 Nf5 33.Rf2 Qh3 34.Kd2 h5 35.Rxf5 Qxf5 36.Nf2 Qf3
37.Rh1 Qf6 38.Kc2 Qf3 39.Kd2 Qf6 40.Kc2 Qf3  1/2-1/2

[Event "Porto San Giorgio op"]
[Site "Porto San Giorgio"]
[Date "1997.??.??"]
[Round "2"]
[White "Iotti, Pierluigi"]
[Black "Cvitan, Ognjen"]
[Result "0-1"]
[WhiteElo "2310"]
[BlackElo "2570"]

1.d4 Nf6 2.c4 g6 3.Nc3 Bg7 4.e4 d6 5.Be2 O-O 6.Nf3 e5 7.dxe5 dxe5 8.Qxd8 Rxd8
9.Bg5 Nbd7 10.O-O-O Rf8 11.Nd5 Nxe4 12.Nxc7 Nxg5 13.Nxg5 Rb8 14.Ne4 Nf6 15.Nd6 Bd7
16.f3 Bc6 17.b4 Bh6+ 18.Kb2 e4 19.b5 exf3 20.gxf3 Bd7 21.Kb3 Be3 22.Rd3 Bb6
23.Nd5 Nxd5 24.Rxd5 Be6 25.Rd3 Bc5 26.Rhd1 a6 27.a4 axb5 28.Nxb5 Rbc8 29.Nd6 Rc6
30.a5 Rb8 31.Nb5 Be7 32.R3d2 Rc5 33.Nd4 Bh3 34.Ra2 Ra8 35.Nb5 Be6 36.Nd4 Bh3
37.Nb5 Bf8 38.Rd5 Re8 39.Nc3 Re3 40.Rd3 Rce5 41.Rxe3 Rxe3 42.Rd2 Bf5 43.Kb2 Bb4  0-1

[Event "Porto San Giorgio op"]
[Site "Porto San Giorgio"]
[Date "1997.??.??"]
[Round "5"]
[White "Naumkin, Igor"]
[Black "Isonzo, Davide"]
[Result "1-0"]
[WhiteElo "2410"]
[BlackElo "2205"]

1.d4 Nf6 2.Nf3 g6 3.c4 Bg7 4.Nc3 O-O 5.e4 d6 6.Be2 e5 7.d5 Na6 8.Bg5 h6 9.Bh4 g5
10.Bg3 Nxe4 11.Nxe4 f5 12.Nfd2 fxe4 13.Nxe4 Bf5 14.Bd3 g4 15.O-O h5 16.f3 Bxe4
17.Bxe4 Nc5 18.Qe2 Nxe4 19.Qxe4 gxf3 20.Rxf3 Rxf3 21.Qxf3 Qg5 22.Re1 Rf8
23.Qd3 Bh6 24.h3 Rf7 25.Bf2 Rg7 26.Qe4 Rf7 27.b3 b6 28.Qc2 Rg7 29.Qe4 Rf7
30.Bh4 Qg7 31.Rf1 Rxf1+ 32.Kxf1 Bg5 33.Bf2 Qf7 34.Ke2 Kf8 35.Qf3 Qxf3+ 36.Kxf3 Kf7
37.Ke4 Kg6 38.Be1 Be7 39.a4 Bd8 40.a5 Be7 41.a6 Bg5 42.b4 Bd8 43.c5 Bf6 44.Bf2 Bd8
45.h4  1-0

[Event "Portoroz op"]
[Site "Portoroz"]
[Date "1997.??.??"]
[Round "?"]
[White "Timoshchenko, Gennadi A"]
[Black "Sutovskij, Emil"]
[Result "1/2-1/2"]
[WhiteElo "2560"]
[BlackElo "2515"]

1.d4 Nf6 2.Nf3 g6 3.c4 Bg7 4.Nc3 O-O 5.e4 d6 6.Be2 e5 7.Be3 Nbd7 8.O-O c6
9.d5 c5 10.Ne1 Ne8 11.g4 f5 12.gxf5 gxf5 13.exf5 Nb6 14.Kh1 Bxf5 15.Rg1 Kh8
16.Nf3 e4 17.Nd2 Qh4 18.Rg3 Qe7 19.Bg4 Be5 20.Rg2 Bxg4 21.Qxg4 Nf6 22.Qh4 Nfxd5
23.Bg5 Nf6 24.Ndxe4 Qe6 25.Qh6 Nbd7 26.Nd5  1/2-1/2

[Event "Portoroz op"]
[Site "Portoroz"]
[Date "1997.??.??"]
[Round "?"]
[White "Kozul, Zdenko"]
[Black "Delchev, Aleksander"]
[Result "1/2-1/2"]
[WhiteElo "2590"]
[BlackElo "2515"]

1.d4 Nf6 2.c4 g6 3.Nc3 Bg7 4.e4 d6 5.Nf3 O-O 6.Be2 e5 7.O-O Na6 8.Bg5 h6
9.Bh4 Qe8 10.d5 Bd7 11.Bxf6 Bxf6 12.Ne1 Bg7 13.Nd3 c5 14.a3 f5 15.b4 b6 16.bxc5 Nxc5
17.Nxc5 bxc5 18.Rb1 Qc8 19.Rb3 Rb8 20.Nb5 a6 21.Na7 Qc7 22.Nc6 Bxc6 23.dxc6 Rxb3
24.Qxb3 Qxc6 25.Bd3 Bf6 26.Qc2 f4 27.Rb1 Bd8 28.Qb3 Ba5 29.Bc2 Kg7 30.Qa4 Qc7
31.Qb3 Qc6 32.Qb7+ Qxb7 33.Rxb7+ Rf7 34.Rb1 Ra7 35.Ba4 Bc7 36.Bc6 Kf6 37.Kf1 Ke7
38.Ke2 a5 39.Ba4 Ra6 40.Rb7 Kd8 41.Rb3 Rb6 42.Bb5 Ke7 43.Kd2 d5 44.exd5 e4
45.Rb1 Kf6 46.Re1 Ke5 47.Kc3 Bd8 48.Ba4 Bg5 49.Bc2 e3 50.fxe3 fxe3 51.h4 Bf4
52.g3 Bxg3 53.Rxe3+ Kf4 54.Re4+ Kf3 55.Re6 Rxe6 56.dxe6 Bxh4 57.Bxg6 Kf4
58.Kb3 Ke5 59.Bf7 Kd6 60.Ka4 Be1 61.Kb5 Bc3 62.Bh5 Kxe6 63.Kxc5 Kd7 64.Kb6 Kc8
65.a4  1/2-1/2

[Event "Portoroz op"]
[Site "Portoroz"]
[Date "1997.??.??"]
[Round "?"]
[White "Tukmakov, Vladimir B"]
[Black "Kozul, Zdenko"]
[Result "1-0"]
[WhiteElo "2585"]
[BlackElo "2590"]

1.d4 Nf6 2.c4 g6 3.Nc3 Bg7 4.e4 d6 5.Be2 O-O 6.Nf3 e5 7.O-O Na6 8.Be3 Qe8
9.Re1 Kh8 10.h3 Nd7 11.Qd2 f5 12.Bh6 f4 13.Bxg7+ Kxg7 14.c5 dxc5 15.Bxa6 bxa6
16.Nd5 Qd8 17.dxe5 c6 18.e6 cxd5 19.exd7 Bxd7 20.Qxd5 Qe7 21.Rac1 Rfc8 22.Qb7 Kf8
23.Qxa6 Be6 24.Red1 Rab8 25.b3 Rb6 26.Qa5 Rb4 27.e5 Rb6 28.Rd2 c4 29.bxc4 Rxc4
30.Rxc4 Bxc4 31.Rd4 Be6 32.Rxf4+ Kg8 33.Rf6 Rb1+ 34.Kh2 Rb2 35.Nd4 Bxa2 36.Nc6 Qe8
37.Qxa7 Bd5 38.Ne7+ Kh8 39.Qd4 Qxe7 40.Qxb2  1-0

[Event "Portoroz op"]
[Site "Portoroz"]
[Date "1997.??.??"]
[Round "?"]
[White "Sitnik, Igor"]
[Black "Fercec, Nenad"]
[Result "0-1"]
[WhiteElo "2225"]
[BlackElo "2430"]

1.d4 Nf6 2.c4 g6 3.Nc3 Bg7 4.e4 d6 5.Nf3 O-O 6.Be2 Na6 7.O-O e5 8.Be3 Ng4
9.Bg5 f6 10.Bh4 Qe8 11.c5 dxc5 12.dxe5 Nxe5 13.Nxe5 Qxe5 14.Bg3 Qe8 15.Bxa6 bxa6
16.Qd5+ Be6 17.Qxc5 c6 18.Rfd1 Rf7 19.Rd3 h5 20.Rad1 g5 21.h4 Bf8 22.Qa5 Be7
23.Qxa6 Qc8 24.Qa5 Qb7 25.hxg5 fxg5 26.Qe5 Bg4 27.f3 h4 28.Bf2 Bf6 29.Qc5 Be6
30.Be3 h3 31.Bxg5 Qxb2 32.R1d2 Qc1+ 33.Kh2 hxg2 34.Rd8+ Kh7 35.Rd1 Qxg5 36.Qxg5 Bxg5
37.Rxa8 Rg7 38.Kxg2 Bd2+ 39.Kf2 Bxc3 40.Rh1+ Kg6 41.Rg1+ Kf6 42.Rxg7 Bd4+
43.Ke2 Bc4+ 44.Kd2 Kxg7 45.Rd8 Bb6 46.Rc8 c5 47.a3 Ba6 48.Rc6 Bb5 49.Re6 c4
50.f4 Bd4 51.Re7+ Kf6 52.Rc7 Ke6 53.a4 Kd6 54.Rxa7 Bxa7 55.axb5 Bd4 56.e5+ Kc5
57.e6 Bf6 58.Ke3 Kxb5 59.Ke4 c3  0-1

[Event "Portoroz op"]
[Site "Portoroz"]
[Date "1997.??.??"]
[Round "?"]
[White "Nikolov, Sasho"]
[Black "Tratar, Marko"]
[Result "0-1"]
[WhiteElo "2370"]
[BlackElo "2420"]

1.d4 Nf6 2.c4 g6 3.Nc3 Bg7 4.e4 d6 5.Nf3 O-O 6.Be2 e5 7.O-O Qe8 8.d5 Nfd7
9.b4 a5 10.bxa5 Rxa5 11.Nd2 Ra8 12.Nb3 Na6 13.a4 f5 14.a5 Qe7 15.Na4 Nf6
16.exf5 gxf5 17.Bg5 Bd7 18.f3 Qe8 19.Nc3 Qg6 20.Qd2 Kh8 21.Rae1 Rg8 22.Bd3 Nh5
23.Kh1 e4 24.fxe4 Be5 25.Be3 f4 26.Bd4 Raf8 27.Bxe5+ dxe5 28.c5 Nb4 29.Bb1 Ng3+
30.hxg3 Qh5+ 31.Kg1 Rxg3 32.Rf2 Rfg8 33.Nd4 f3 34.Nxf3 Bh3 35.Re3 Bxg2 36.Rxg2 Rxg2+
37.Qxg2 Rxg2+ 38.Kxg2 Qh6 39.Kf2 Qa6 40.Nxe5 Qxa5 41.Nd7  0-1

[Event "CZE-ch U20"]
[Site "Prague"]
[Date "1997.??.??"]
[Round "7"]
[White "Kalod, Radek"]
[Black "Klimes, Martin"]
[Result "1/2-1/2"]
[WhiteElo "2455"]
[BlackElo "2100"]

1.c4 Nf6 2.Nc3 g6 3.e4 d6 4.d4 Bg7 5.Nf3 O-O 6.Be2 e5 7.d5 a5 8.Bg5 Nbd7
9.Nd2 h6 10.Bh4 g5 11.Bg3 Nc5 12.h4 Nh7 13.Nb3 Nxb3 14.Qxb3 f5 15.f3 Bf6
16.O-O-O gxh4 17.Bf2 Bg5+ 18.Kb1 fxe4 19.Nxe4 Bf5 20.Bd3 Bxe4 21.Bxe4 Qe7
22.Rde1 Rfb8 23.Qd3 a4 24.Bf5 a3 25.b3 Re8 26.Kc2 Kh8 27.Bxh7 Qxh7 28.Qxh7+ Kxh7
29.Bxh4 Bxh4 30.Rxh4 Rg8 31.g4 Raf8 32.Re3 Rf4 33.Kd3 Rgf8 34.Rh3 Kg6 35.Ke2 Kg5
36.Rh5+ Kg6 37.Rh3 Kg5 38.Rh5+ Kg6 39.Rh2 e4 40.Rxe4 Rxe4+ 41.fxe4 Rf4 42.Ke3 Rxg4
43.b4 Rg1 44.Kd4 Rb1 45.Kc3 Rb2 46.Rh1 Re2  1/2-1/2

[Event "SVK-ch"]
[Site "Presov"]
[Date "1997.??.??"]
[Round "3"]
[White "Salai, Ladislav"]
[Black "Balogh, Tomas"]
[Result "1-0"]
[WhiteElo "2460"]
[BlackElo "2345"]

1.d4 Nf6 2.c4 g6 3.Nc3 Bg7 4.e4 d6 5.Nf3 O-O 6.Be2 e5 7.O-O exd4 8.Nxd4 Re8
9.f3 Nc6 10.Be3 Nh5 11.Nxc6 bxc6 12.Qd2 c5 13.Rad1 Bb7 14.Rfe1 Bc6 15.Bf1 Qb8
16.Rb1 Nf6 17.Nd5 a5 18.Bg5 Nxd5 19.cxd5 Bd7 20.Bd3 Qb4 21.Qc2 Reb8 22.Kh1 Qa4
23.Qxa4 Bxa4 24.b3 Bb5 25.Bxb5 Rxb5 26.Bd2 Kf8 27.Rec1 a4 28.b4 Rab8 29.Rc4 Ke8
30.Kg1 Kd7 31.Kf2 R5b6 32.Ke2 c6 33.dxc6+ Rxc6 34.Rbc1 Rbc8 35.bxc5 Rxc5
36.Kd3 f5 37.exf5 gxf5 38.Rxc5 Rxc5 39.Rxc5 dxc5 40.Kc4 Kc6 41.g4 fxg4 42.fxg4 Bd4
43.Bf4 Bf2 44.h3 Bh4 45.Be3 Be7 46.g5 Kd7 47.Kb5 Ke6 48.Bxc5 Bxg5 49.Kxa4 Kd7
50.Kb5 Kc7 51.a4 Kb7 52.a5 h6 53.a6+ Kc7 54.Bb6+ Kb8 55.Kc4  1-0

[Event "SVK-ch"]
[Site "Presov"]
[Date "1997.??.??"]
[Round "3"]
[White "Banas, Jan"]
[Black "Zambor, Norbert"]
[Result "1-0"]
[WhiteElo "2420"]
[BlackElo "2195"]

1.c4 Nf6 2.Nc3 g6 3.e4 d6 4.d4 Bg7 5.Be2 O-O 6.Nf3 e5 7.d5 a5 8.Bg5 Qe8 9.Nd2 Bd7
10.b3 h6 11.Be3 Nh7 12.c5 f5 13.cxd6 cxd6 14.Nc4 f4 15.Bb6 f3 16.Bxf3 Qe7
17.O-O Rc8 18.Rc1 Ra6 19.Be3 b5 20.Nb6 Rc7 21.Nxd7 Qxd7 22.Bg4 Qe8 23.Be2 Rb7
24.a4  1-0

[Event "SVK-ch"]
[Site "Presov"]
[Date "1997.??.??"]
[Round "5"]
[White "Kaniansky, Miroslav"]
[Black "Balogh, Tomas"]
[Result "1/2-1/2"]
[WhiteElo "2145"]
[BlackElo "2345"]

1.d4 Nf6 2.Nf3 g6 3.c4 Bg7 4.Nc3 O-O 5.e4 d6 6.Be2 e5 7.d5 a5 8.Bg5 h6 9.Bh4 Na6
10.Nd2 Qe8 11.a3 Bd7 12.b3 Nh7 13.Rb1 f5 14.f3 f4 15.b4 axb4 16.axb4 Bf6
17.Bf2 Qe7 18.c5 Bh4 19.cxd6 Bxf2+ 20.Kxf2 cxd6 21.Nc4 Qh4+ 22.Kf1 Qe7 23.Nb6 Rab8
24.Bb5 Bc8 25.Qa4 g5 26.Bd7 Bxd7 27.Nxd7 b5  1/2-1/2

[Event "SVK-ch"]
[Site "Presov"]
[Date "1997.??.??"]
[Round "9"]
[White "Likavsky, Tomas"]
[Black "Pinter, Patrik"]
[Result "1-0"]
[WhiteElo "2240"]
[BlackElo "2110"]

1.d4 d6 2.Nf3 Nf6 3.c4 g6 4.Nc3 Bg7 5.e4 O-O 6.Be2 Nbd7 7.O-O e5 8.Qc2 a5
9.Be3 h6 10.dxe5 dxe5 11.Nd2 Qe7 12.a3 Nb8 13.b4 Rd8 14.Nd5 Nxd5 15.cxd5 axb4
16.axb4 Rxa1 17.Rxa1 Bf8 18.Bc5 Qd7 19.Bxf8 Kxf8 20.Ra8 Na6 21.b5 Nb4 22.Qb3 Qd6
23.Ra4 c5 24.bxc6 Nxc6 25.Qe3 Kg7 26.Nc4 Qd7 27.Nb6 Qe8 28.dxc6 Qxc6 29.Rc4 Qb5
30.Rxc8  1-0

[Event "CRO-Cup"]
[Site "Pula"]
[Date "1997.??.??"]
[Round "?"]
[White "Sulava, Nenad"]
[Black "Loncar, Robert"]
[Result "1/2-1/2"]
[WhiteElo "2380"]
[BlackElo "2390"]

1.Nf3 d6 2.d4 Nf6 3.c4 g6 4.Nc3 Bg7 5.e4 O-O 6.Be2 Na6 7.O-O e5 8.Be3 Qe8
9.Re1 Ng4 10.Bg5 exd4 11.Nxd4 Qe5 12.Nf3 Qc5 13.Bh4 Ne5 14.Nxe5 Qxe5 15.Rc1  1/2-1/2

[Event "EU-chT (Men)"]
[Site "Pula"]
[Date "1997.??.??"]
[Round "2"]
[White "Zueger, Beat"]
[Black "Jacimovic, Dragoljub"]
[Result "1/2-1/2"]
[WhiteElo "2455"]
[BlackElo "2470"]

1.c4 g6 2.d4 Bg7 3.e4 d6 4.Nc3 Nf6 5.Nf3 O-O 6.Be2 e5 7.O-O Nbd7 8.Re1 c6
9.Bf1 exd4 10.Nxd4 Re8 11.Bf4 Nc5 12.Qc2 Ng4 13.Qd2 Be5 14.h3 Bxf4 15.Qxf4 Ne5
16.Rad1 Qb6 17.Rd2 Be6 18.Nxe6 Nxe6 19.Qg3 Rad8 20.Red1 f6 21.b3 Nf7 22.Kh1 Kg7
23.f4 Qb4 24.Rf2 Nc5 25.Qf3 a5 26.g4  1/2-1/2

[Event "EU-chT (Men)"]
[Site "Pula"]
[Date "1997.??.??"]
[Round "2"]
[White "Stanec, Nikolaus"]
[Black "Ehlvest, Jaan"]
[Result "1/2-1/2"]
[WhiteElo "2460"]
[BlackElo "2635"]

1.c4 g6 2.Nc3 Bg7 3.d4 d6 4.e4 Nf6 5.Be2 O-O 6.Nf3 Nbd7 7.O-O e5 8.d5 Nc5
9.Qc2 a5 10.Bg5 h6 11.Bxf6 Bxf6 12.b3 Bd7 13.Ne1 Bg5 14.Nd3 b6 15.Nxc5 bxc5
16.a4 h5 17.Nb5 Bh6 18.Qc3 h4 19.Bf3 f5 20.Qe1 Rf7 21.Qe2 Qb8 22.Kh1 Qb6
23.g4 hxg3 24.hxg3 Raf8 25.Kg2 Kg7 26.exf5 gxf5 27.Bh5 Re7 28.f4 Rf6 29.Rae1 Kg8
30.Rh1 Bg7 31.Bf3 e4 32.Bh5 c6 33.dxc6 Bxc6 34.Rd1 Rh6 35.Rh3 Qd8 36.Qe3 Rd7
37.Be2 Rxh3 38.Kxh3 Qf6 39.Kg2 Bh8 40.Rh1 Qb2 41.Rf1 Qf6 42.Rh1 Qb2 43.Rd1 Bxb5
44.cxb5 Bd4 45.Qd2 Qxd2 46.Rxd2 Kg7 47.Rd1 d5 48.Rh1 Bf6 49.Rc1 Bd4 50.Rh1  1/2-1/2

[Event "EU-chT (Men)"]
[Site "Pula"]
[Date "1997.??.??"]
[Round "2"]
[White "Aleksandrov, Aleksej"]
[Black "Kotronias, Vasilios"]
[Result "1-0"]
[WhiteElo "2615"]
[BlackElo "2590"]

1.d4 Nf6 2.c4 g6 3.Nc3 Bg7 4.e4 d6 5.Be2 O-O 6.Nf3 e5 7.d5 a5 8.Nd2 Na6 9.h4 Nc5
10.h5 c6 11.g4 a4 12.g5 Nxh5 13.Bxh5 Nd3+ 14.Kf1 Qb6 15.Rh2 gxh5 16.Qxh5 h6
17.gxh6 Bf6 18.Nf3 Nxc1 19.h7+ Kh8 20.Rxc1 Qxb2 21.Ne2 Qb6 22.Rg2 Qd8 23.Qh6 Bd7
24.Nc3  1-0

[Event "EU-chT (Men)"]
[Site "Pula"]
[Date "1997.??.??"]
[Round "2"]
[White "Nikolaidis, Ioannis"]
[Black "Fedorov, Alexei"]
[Result "1/2-1/2"]
[WhiteElo "2565"]
[BlackElo "2580"]

1.d4 Nf6 2.c4 g6 3.Nc3 Bg7 4.e4 d6 5.Nf3 O-O 6.Be2 e5 7.d5 a5 8.O-O Na6 9.Be3 Ng4
10.Bg5 f6 11.Bd2 f5 12.Ne1 Nf6 13.exf5 gxf5 14.f4 Qe7 15.Bd3 exf4 16.Bxf4 Ne4
17.Bxe4 fxe4 18.Nc2 Nc5 19.Qd2 Bf5 20.Bh6 Nd3 21.Bxg7  1/2-1/2

[Event "Pula op"]
[Site "Pula"]
[Date "1997.??.??"]
[Round "2"]
[White "Giorgadze, Giorgi"]
[Black "Bubalovic, Davorin"]
[Result "1-0"]
[WhiteElo "2595"]
[BlackElo "2350"]

1.d4 Nf6 2.c4 g6 3.Nc3 Bg7 4.e4 d6 5.Nf3 O-O 6.Be2 e5 7.Be3 c6 8.Qd2 Ng4
9.Bg5 f6 10.Bh4 exd4 11.Nxd4 Na6 12.O-O Ne5 13.Rad1 Nf7 14.Bg3 Bh6 15.Qc2 Qe7
16.Rfe1 Bd7 17.a3 Rfe8 18.Bf1 Nc5 19.b4 Na6 20.f3 Rad8 21.Kh1 Qf8 22.Qf2 Ra8
23.f4 Bg7 24.f5 Rad8 25.Nc2 c5 26.Nd5 gxf5 27.b5 Nb8 28.exf5 Rxe1 29.Rxe1 Ne5
30.Nce3 Rc8 31.Bh4 Be8 32.Nf4 Nbd7 33.Ne6 Qf7 34.Nd5 Bh6 35.Rb1 Kh8 36.Rb3 Ng4
37.Qe2 Qh5 38.Rh3 Nde5 39.Qe4 Qxh4 40.Rxh4 Nf2+ 41.Kg1 Nxe4 42.Rxh6 Bd7 43.Nxf6 Nxf6
44.Rxf6 Ng4 45.Rf7 Ne5 46.Re7 Re8 47.Rxe8+ Bxe8 48.Ng5 d5 49.cxd5 c4 50.Ne4 Bxb5
51.Be2 Ba4 52.Kf2 Bc2 53.Nd6 b5 54.Nxb5 Bxf5 55.Ke3 a6 56.Nd4 Bd7 57.Nf3 Ng4+
58.Kd4 c3 59.Kxc3 Ne3 60.Kd4 Nc2+  1-0

[Event "EU-chT (Men)"]
[Site "Pula"]
[Date "1997.??.??"]
[Round "3"]
[White "Jacimovic, Dragoljub"]
[Black "Maki, Veijo"]
[Result "1/2-1/2"]
[WhiteElo "2470"]
[BlackElo "2395"]

1.d4 Nf6 2.c4 g6 3.Nc3 Bg7 4.e4 d6 5.Nf3 O-O 6.Be2 e5 7.d5 Na6 8.Bg5 h6 9.Bh4 g5
10.Bg3 Nxe4 11.Nxe4 f5 12.Nfd2 fxe4 13.Nxe4 Bf5 14.Bd3 g4 15.O-O h5 16.f3 Bxe4
17.Bxe4 Nc5 18.Bc2 e4 19.Bxe4 Nxe4 20.fxe4 Bxb2 21.Rb1 Rxf1+ 22.Qxf1 Bd4+
23.Kh1 Qg5 24.Qf4 Qxf4 25.Bxf4 Re8 26.Re1 h4 27.a4 a5 28.Re2 Rf8 29.g3 h3
30.Rd2 Bc5 31.Re2 Re8 32.Re1 c6 33.Bd2 cxd5 34.cxd5 b6 35.Bf4 Kf7 36.Re2 Ke7
37.Re1 Kd7 38.Re2 Bd4 39.Re1 Rc8 40.Rc1 Re8 41.Re1 b5 42.axb5 a4 43.Bc1 Rb8
44.Be3 Bxe3 45.Rxe3 Rxb5 46.Kg1 Rb3 47.Re1 a3 48.Ra1 Rf3 49.Rb1 Kc7 50.Rb4 Rc3
51.Ra4 Kb6 52.Kf2 Kb5 53.Ra8 Kb4 54.e5 dxe5 55.Rb8+ Ka4 56.Ke2 Rc5 57.d6 Rd5
58.Ra8+ Kb4 59.Rb8+ Kc5 60.Ra8 Kxd6 61.Rxa3 Ke6 62.Ra8 Rb5 63.Ke3 Rb3+ 64.Ke4 Rb4+
65.Ke3 Rb2 66.Re8+ Kf6 67.Rf8+ Kg7 68.Rf2 Rxf2 69.Kxf2 Kf6 70.Ke3 Kf5 71.Kd3 Kf6
72.Ke3 Ke6 73.Ke4 Kf6 74.Ke3  1/2-1/2

[Event "Pula op"]
[Site "Pula"]
[Date "1997.??.??"]
[Round "4"]
[White "Giorgadze, Giorgi"]
[Black "Fercec, Nenad"]
[Result "1-0"]
[WhiteElo "2595"]
[BlackElo "2430"]

1.d4 Nf6 2.c4 g6 3.Nc3 Bg7 4.e4 d6 5.Nf3 O-O 6.Be2 e5 7.Be3 exd4 8.Nxd4 Re8
9.f3 c6 10.Qd2 d5 11.exd5 cxd5 12.O-O Nc6 13.c5 Rxe3 14.Qxe3 Qf8 15.Ncb5 Qxc5
16.Qf2 Bd7 17.Rfd1 Re8 18.Bf1 Qb6 19.Nc2 Qa5 20.a3 a6 21.Nbd4 Re5 22.Nxc6 Bxc6
23.Nd4 Bd7 24.b4 Qc7 25.Rac1 Qb8 26.Re1 Rh5 27.g3 Rg5 28.Bg2 h5 29.f4 Ng4
30.Qd2 Bxd4+ 31.Qxd4 Rf5 32.Bxd5 h4 33.Bf3  1-0

[Event "EU-chT (Women)"]
[Site "Pula"]
[Date "1997.??.??"]
[Round "4"]
[White "Cmilyte, Viktorija"]
[Black "Stadler, Brigita"]
[Result "1-0"]
[WhiteElo "2185"]
[BlackElo "2075"]

1.d4 Nf6 2.c4 g6 3.Nc3 Bg7 4.e4 d6 5.Nf3 O-O 6.Be2 e5 7.O-O exd4 8.Nxd4 Re8
9.f3 Nc6 10.Be3 Nh5 11.Qd2 Nf4 12.Rfd1 Nxe2+ 13.Ndxe2 Be6 14.b3 Ne5 15.Rac1 a5
16.Nd4 Bd7 17.Ndb5 Bxb5 18.cxb5 Qh4 19.Nd5 f5 20.exf5 Rf8 21.Bg5 Qh5 22.f6 h6
23.fxg7 Rxf3 24.Bf4  1-0

[Event "EU-chT (Men)"]
[Site "Pula"]
[Date "1997.??.??"]
[Round "4"]
[White "Timoshchenko, Gennadi A"]
[Black "Nijboer, Friso"]
[Result "1/2-1/2"]
[WhiteElo "2515"]
[BlackElo "2555"]

1.d4 Nf6 2.c4 g6 3.Nc3 Bg7 4.e4 d6 5.Nf3 O-O 6.Be2 e5 7.Be3 Ng4 8.Bg5 f6
9.Bh4 Nc6 10.d5 Ne7 11.Nd2 Nh6 12.f3 c5 13.dxc6 bxc6 14.b4 Be6 15.Bf2 f5
16.O-O Kh8 17.b5 d5 18.cxd5 cxd5 19.exd5 Nxd5 20.Nxd5 Bxd5 21.Bc4 e4 22.Rc1 Bb7
23.Nb3 exf3 24.Qxd8 Rfxd8 25.gxf3 g5 26.Nc5 Bxf3 27.Ne6 Rd2 28.Nxg5 Bb7 29.Rfd1 Rad8
30.Bb3 Bf6 31.Ne6 Rg8+ 32.Kf1 Rxf2+ 33.Kxf2 Rg2+ 34.Ke3 Ng4+ 35.Kd3 Nf2+
36.Kc4 Nxd1 37.Rxd1 Rg4+ 38.Kd3 Rb4 39.Rc1 Rxb5 40.Rc7 Be4+ 41.Ke3 Rb8 42.Rxa7 h6
43.Nf4 Rb7 44.Rxb7 Bxb7 45.Bd5 Ba6 46.Be6 Kg7 47.Bxf5 Bg5 48.Ke4 Kf6 49.Nd5+ Kf7
50.Ke5 Bc4 51.Be6+ Kg6 52.Nc7 Bd8  1/2-1/2

[Event "EU-chT (Men)"]
[Site "Pula"]
[Date "1997.??.??"]
[Round "5"]
[White "Norri, Joose"]
[Black "Atalik, Suat"]
[Result "1/2-1/2"]
[WhiteElo "2430"]
[BlackElo "2555"]

1.Nf3 Nf6 2.c4 g6 3.Nc3 Bg7 4.e4 d6 5.d4 O-O 6.Be2 e5 7.O-O exd4 8.Nxd4 Re8
9.f3 c6 10.Kh1 a6 11.Nb3 b5 12.cxb5 axb5 13.a3 Ra7 14.Qc2 Qb6 15.Bf4 d5 16.Rad1 Rd7
17.a4 dxe4 18.a5 Qa7 19.Nxe4 Nxe4 20.fxe4 Rxd1 21.Rxd1 Be6 22.Nc5 Qxa5 23.Nxe6 fxe6
24.Bxb8 Rxb8 25.Qxc6 Qb6 26.Qxb6 Rxb6 27.b3 h5 28.g3 Kh7 29.Rc1 Bd4 30.Kg2 Kh6
31.h4 Kg7 32.Rd1 Be5 33.g4 hxg4 34.Bxg4 Rc6 35.Be2 Rc2 36.Kf3 b4 37.Bc4 Kf6
38.Rg1 Rc3+ 39.Ke2 Bf4 40.Rg4 e5 41.Bd5 Rh3 42.Kf2 Rd3 43.Kf1 Rf3+ 44.Ke2 Rc3
45.Kf1 Be3 46.Rg3 Bh6 47.Kg2 Rc2+ 48.Kf1 Rh2 49.Rg4 Be3 50.Bc6 Kf7 51.Bd5+ Kg7
52.Bc6 Rf2+ 53.Ke1 Rf6 54.Be8 Re6 55.Bd7 Rd6 56.Bb5 Kh6 57.Be8 Kh5 58.Rg2 Bf4
59.Bf7 Bh6 60.Rg3 Bd2+ 61.Ke2 Bf4 62.Rg2 Rd2+ 63.Kf1 Rd7 64.Bxg6+ Kxh4 65.Bf5 Rd3
66.Rg4+ Kh5 67.Be6 Re3 68.Rg2 Rxe4 69.Rc2 Rd4 70.Rc4 Rd1+ 71.Ke2 Rd2+ 72.Kf1 Rd6
73.Bf7+ Kg4 74.Rxb4 Kf3 75.Bh5+ Ke3 76.Rc4 Rf6 77.Be8 e4 78.Bc6 Be5+ 79.Ke1 Bd4
80.Bxe4 Kxe4 81.Rc2 Be3 82.Ke2 Rf2+ 83.Kd1 Rf3 84.Ke2 Bd4 85.b4 Rb3 86.b5 Rxb5
87.Rd2 Rh5 88.Rc2 Rh2+ 89.Kd1 Rh1+ 90.Ke2 Rh2+ 91.Kd1 Rh3 92.Ke2 Bc3 93.Kd1 Rh1+
94.Ke2 Kd4 95.Kf3 Rf1+ 96.Rf2 Ra1 97.Kg4 Ra8 98.Rg2  1/2-1/2

[Event "EU-chT (Women)"]
[Site "Pula"]
[Date "1997.??.??"]
[Round "6"]
[White "Jiretorn, Eva"]
[Black "Stadler, Brigita"]
[Result "1/2-1/2"]
[WhiteElo "2075"]
[BlackElo "2075"]

1.d4 Nf6 2.c4 g6 3.Nc3 Bg7 4.e4 d6 5.Nf3 O-O 6.Be2 e5 7.O-O exd4 8.Nxd4 Re8
9.f3 Nc6 10.Be3 Nh5 11.Qd2 Nf4 12.Rad1 Bxd4 13.Bxd4 Qg5 14.g3 Nxd4 15.Qxd4 Bh3
16.Rf2 Be6 17.Bf1 Nh5 18.Bg2 Qe5 19.Qxe5 dxe5 20.Nd5 Bxd5 21.cxd5 Nf6 22.Rc2 Re7
23.Rdc1 Ne8 24.f4 Rd8 25.Kf2 Rd6 26.Kf3 Kg7 27.Bf1 a6 28.b4 f5 29.fxe5 fxe4+
30.Kxe4 Nf6+ 31.Kf3 Rxe5 32.Rxc7+ Kh6 33.Bc4 b5 34.Bb3 Nxd5 35.Bxd5  1/2-1/2

[Event "Pula op"]
[Site "Pula"]
[Date "1997.??.??"]
[Round "6"]
[White "Lazovic, Gordan"]
[Black "Jakubovics, Nicholas"]
[Result "1/2-1/2"]
[WhiteElo "2310"]
[BlackElo "2210"]

1.d4 Nf6 2.c4 g6 3.Nc3 Bg7 4.e4 d6 5.Nf3 O-O 6.Be2 e5 7.dxe5 dxe5 8.Qxd8 Rxd8
9.Bg5 Re8 10.Nd5 Nxd5 11.cxd5 c6 12.Bc4 cxd5 13.Bxd5 Nc6 14.O-O-O Nb4 15.Bb3 Be6
16.Bxe6 Rxe6 17.a3 Na6 18.Be3 Bf8 19.Rd5 f6 20.Kb1 b6 21.Rc1 Rd6 22.Rxd6 Bxd6
23.Rc6 Rd8 24.b4 Kf7 25.Kb2 Ke7 26.Nd2 Kd7 27.Rc3 Rc8 28.Rxc8 Kxc8 29.Kc3 Nc7
30.Nc4 Bf8 31.Nb2 Kb7 32.a4 a6 33.g4 Kc6 34.Nc4 b5 35.Na5+ Kd7 36.axb5 axb5
37.Nb3 Ne6 38.Nc1 Nd8  1/2-1/2

[Event "EU-chT (Men)"]
[Site "Pula"]
[Date "1997.??.??"]
[Round "7"]
[White "Kempinski, Robert"]
[Black "Nikolaidis, Ioannis"]
[Result "1-0"]
[WhiteElo "2515"]
[BlackElo "2565"]

1.d4 Nf6 2.c4 g6 3.Nc3 Bg7 4.e4 O-O 5.Nf3 d6 6.Be2 e5 7.d5 a5 8.h3 Na6 9.Bg5 Nc5
10.Nd2 Bd7 11.O-O c6 12.Rb1 h6 13.Be3 Ne8 14.f3 f5 15.exf5 gxf5 16.f4 cxd5
17.cxd5 Rc8 18.Rc1 a4 19.Kh1 Nf6 20.Qe1 Qe8 21.Nc4 Nce4 22.Nb6 Nxc3 23.bxc3 Rd8
24.Bd3 Qg6 25.Nxd7 Nxd7 26.Qd1 exf4 27.Rxf4 Ne5 28.Bc2 Qg3 29.Qe1 Qxe1+ 30.Rxe1 b5
31.Bxf5 Nc4 32.Bd4 Bxd4 33.cxd4 Rf6 34.Rg4+ Kh8 35.Bd3 Rg8 36.Rge4 Rf2 37.Re7 Rg3
38.Rd7 Rf8 39.Ree7 Ne3 40.Rxd6  1-0